| 000 | 00592nam a2200205 a 4500 | ||
|---|---|---|---|
| 005 | 20140310183436.0 | ||
| 008 | 080201s19uu xx 00 eng d | ||
| 020 | _a9812449736 | ||
| 050 |
_aHD 62.5 _b.Si588 2006 |
||
| 100 | _aSim, Matthew H.C. | ||
| 245 |
_aEntrepreneurship in practice : _ba practical guide. / _cH.C Matthew Sim |
||
| 260 |
_aSingapore : _bPearson Pretice Hall, _c2006. |
||
| 300 |
_a157 p. : _bill. ; _c23 cm. |
||
| 521 | _aBSBA | ||
| 650 | _aNew business enterprises. | ||
| 650 | _aEntrepreneurship. | ||
| 942 |
_cBK _2lcc _kFOR |
||
| 999 |
_c22878 _d22878 |
||